ARRUPE JESUIT UNIVERSITY

CORONAVIRUS -STOP THE SPREAD - CLEAN,DISINFECT,COVER

The First cuckoo : (Record no. 119357)

MARC details
000 -LEADER
fixed length control field 00820cam a2200253 i 4500
001 - CONTROL NUMBER
control field 2712510
003 - CONTROL NUMBER IDENTIFIER
control field ARRUPE
005 - DATE AND TIME OF LATEST TRANSACTION
control field 20131219130325.0
008 - FIXED-LENGTH DATA ELEMENTS--GENERAL INFORMATION
fixed length control field 760910s1976 enk 001 0 eng
010 ## - LIBRARY OF CONGRESS CONTROL NUMBER
LC control number 76374137
015 ## - NATIONAL BIBLIOGRAPHY NUMBER
National bibliography number GB76-17751
020 ## - INTERNATIONAL STANDARD BOOK NUMBER
International Standard Book Number 004808025X :
Terms of availability £4.50
040 ## - CATALOGING SOURCE
Original cataloging agency DLC
Transcribing agency DLC
Modifying agency DLC
050 00 - LIBRARY OF CONGRESS CALL NUMBER
Classification number AC5
Item number .F46
082 00 - DEWEY DECIMAL CLASSIFICATION NUMBER
Classification number 082
300 ## - PHYSICAL DESCRIPTION
Dimensions 23 cm.
245 04 - TITLE STATEMENT
Title The First cuckoo :
Remainder of title a selection of the most witty, amusing and memorable letters to The Times, 1900-1975 /
Statement of responsibility, etc chosen and introduced by Kenneth Gregory.
260 ## - PUBLICATION, DISTRIBUTION, ETC. (IMPRINT)
Place of publication, distribution, etc London :
Name of publisher, distributor, etc Times Books : Allen and Unwin,
Date of publication, distribution, etc 1976.
300 ## - PHYSICAL DESCRIPTION
Extent 3-350 p. ;
500 ## - GENERAL NOTE
General note Includes indexes.
700 1# - ADDED ENTRY--PERSONAL NAME
Personal name Gregory, Kenneth.
9 (RLIN) 5970
730 ## - ADDED ENTRY--UNIFORM TITLE
Uniform title Times (London, England)
9 (RLIN) 5971
906 ## - LOCAL DATA ELEMENT F, LDF (RLIN)
a 7
b cbc
c orignew
d 3
e ncip
f 19
g y-gencatlg
942 ## - ADDED ENTRY ELEMENTS (KOHA)
Source of classification or shelving scheme Library of Congress Classification
Koha item type Monograph ( Printed materials)
Holdings
Withdrawn status Lost status Source of classification or shelving scheme Damaged status Not for loan Home library Current library Date acquired Total Checkouts Full call number Barcode Date last seen Price effective from Koha item type
    Library of Congress Classification     ARRUPE LIBRARY ARRUPE LIBRARY 19/12/2013   AC5 .F46 1978 464123069 19/12/2013 19/12/2013 Monograph ( Printed materials)

 

Arrupe Library. PO Box MP320 Mt Pleasant, Harare, Zimbabwe
263 242 745411|librarian@aju.ac.zw